00677nam a22001937a 450000500170000001000150001702000110003203500140004303700090005708200110006610000290007724500640010626000360017027000510020630000200025794200280027799900190030595201590032420240725162239.0 aENG-140958 c695.00 aEN-124310 bDBAD a142.00 aRALPHH. HENDERSON968923 aImmunising the children of the world /cHenderson . H Ralph aGurgaonbOrient Blackswanc2016 bGurgaona1/24 Asaf Ali Road new delhi e110002 a106p.c22cm(hb) 2ddccENh614.47083mHen c204457d204457 001040708FICaBL1bBL1d2024-07-05eDelivery of Books Act Divisiong142.00l0o614.47083 HENpEN-124310r2024-07-25 00:00:00t1v142.00w2024-07-25yEN